000 01443cam a2200301 i 4500
001 18476728
003 EG-ScBUE
005 20250128091511.0
008 150121t2015 flua f b 001 0 eng d
020 _a9780750306089 (hardcover : alk. paper)
040 _aOU/DLC
_beng
_erda
_cOU
_dEG-ScBUE
082 0 4 _a530.078
_bPER
_222
100 1 _aPergament, M. I.,
_eauthor.
_938130
245 1 0 _aMethods of experimental physics /
_cM. I. Pergament.
264 1 _aBoca Raton :
_bCRC Press / Taylor & Francis Group,
_c[2015]
264 4 _cc2015
300 _axiv, 347 pages :
_billustrations ;
_c27 cm.
336 _2rdacontent
_atext
_btxt
337 _2rdamedia
_aunmediated
_bn
338 _2rdacarrier
_avolume
_bnc
490 0 _aGraduate student series in physics
504 _aIncludes bibliographical references and index.
505 0 _aGeneral properties of measuring-recording systems -- Studying pulse processes -- Photographic methods of experimental research and high-speed photography -- Fourier optics and Fourier spectroscopy -- Methods of spectroscopy -- Interferometry and shadowgraphy methods -- Holographic methods of research -- Electromagnetic probing -- Measurements in the X-ray region of the spectrum -- Corpuscular investigation methods -- Methods of experimental data processing.
650 7 _aPhysics
_xExperiments
_xMethodology.
_2BUEsh
653 _cJune2015
_bENGGEN
655 _vReading book
942 _2ddc
_cBB
999 _c19509
_d19481